000 00990nam a2200265 u 4500
001 000049762
005 20200120222644.0
008 110923s2011 sp a er 000 0 spa d
020 _a9788492412969
041 0 _aspa
043 _as-uy---
090 _aAP
_bGALs
100 1 _aGaleano, Eduardo
_d1940-
245 1 4 _aLos sueños de Helena /
_cEduardo Galeano ; ilustraciones Isidro Ferrer.
250 _a1a. ed.
260 _aBarcelona :
_bLibros del Zorro Rojo,
_c2011.
300 _a59 p. :
_bil.
500 _aEj.1 de la Biblioteca Madrid ISBN: 9789588654768. , 1a. réimpr. del año 2012.
500 _aEj.1 de la Biblioteca Mosquera con ISBN : 9789588654768 ; Ej.1 del Biblioparque Funza con ISBN : 9789588654768.
500 _aMaterial con código JEC es adquirido con recursos foniñez - Jornada Escolar Colsubsidio
650 1 4 _aPoesía uruguaya
_2LEMB
650 1 4 _aLiteratura uruguaya
_2LEMB
650 1 4 _aSueños en la literatura
_2LEMB
700 1 _aFerrer, Isidro
_eil.
999 _c3306
_d3306